000 00452nmm a2200157Ia 4500
008 251105s9999||||xx |||||||||||||||||und||
020 _a9788495839299
041 _aspa
100 _aAlmodóvar, Pedro
245 0 _aHable con ella :
_b un guion de Pedro Almodóvar
264 _a[Madrid, España] :
_bOcho y Medio,
_c2002
300 _a242 páginas
650 _aFilm studies
856 _uhttps://public.digitaliapublishing.com/a/352
942 _cCF
999 _c89647
_d89647